Éponyme d'inventions - Statistiques

Statistiques générales
  • Ce quiz a été pris 8 fois
  • Le résultat moyen est 3 sur 21
Statistiques - réponses
Inventions Prénom % Correct
Braille Louis
100%
Pasteurisation Louis
83%
Saxophone Adolphe
33%
Machine de Turing Alan
33%
Alzheimer Alois
17%
Watt James
17%
Diesel Rudolf
17%
Morse code Samuel
17%
Volt Alessandro
0%
Avogadro Amedeo
0%
Ampère André-Marie
0%
Boycott Charles
0%
Échelle de Richter Charles F.
0%
Effet Doppler Christian
0%
Fahrenheit Daniel Gabriel
0%
Ohm Georg
0%
Ferris Wheel George
0%
Parkinson James
0%
Joule James Prescott
0%
Stetson John B.
0%
Guillotine Joseph-Ignace
0%
Aucun quiz correspondant
Distribution des résultats
% des personnes avec chaque résultat
Percentile par nombre de réponses
Votre historique - résultats
Vous n’avez pas pris ce quiz